Normal view
MARC view
- Bhutta, Zulfiqar Ahmed,
Entry Personal Name
001 - CONTROL NUMBER
- control field: 126760
003 - CONTROL NUMBER IDENTIFIER
- control field: NUST
005 - DATE AND TIME OF LATEST TRANSACTION
- control field: 20241105143424.0
008 - FIXED-LENGTH DATA ELEMENTS
- fixed length control field: 241105|| aca||aabn | a|a d
040 ## - CATALOGING SOURCE
- Original cataloging agency: NUST
- Transcribing agency: NUST
100 ## - HEADING--PERSONAL NAME
- Personal name: Bhutta, Zulfiqar Ahmed,
- Dates associated with a name: 1955-
670 ## - SOURCE DATA FOUND
- Source citation: Work cat.: (NUST)612216: Reproductive, maternal, child health and nutrition in Pakistan :
